00264 a2200109 4500001000700000040003500007100002500042240003800067245003300105300000700138362000900145154708 cEscola São Tomás de Aquino aVILLA, Marco Antonio10aA crise da República Velhalpor10aA crise da República Velha a390 a2001